Szczegóły MARC21

Relacje społeczno-ekonomiczne na pograniczu polsko-czeskim /

005 -DATA I CZAS OSTATNIEJ MODYFIKACJI [,]
    • @
    • pole kontrolne
    • 20070315155141.9
020 -Międzynarod. znormalizowany nr książki - ISBN [ , ]
    • a
    • Numer ISBN
    • 8388796240 Find
040 -Instytucja sporządzająca opis [ , ]
    • a
    • Instytucja, która sporządziła opis (NP)
    • SZCZ U
    • c
    • Instytucja, która sporządziła rekord (NP)
    • SZCZ U
041 -Język dokumentu [0, ]
    • a
    • Język tekstu (P)
    • polski
    • h
    • Język tekstu oryginalnego i/lub pośredniego (P)
    • polski
942 -Rodzaj dokumentu [ , ]
    • c
    • Rodzaj dokumentu
    • Książka
100 -Hasło główne - nazwa osobowa [ , ]
    • a
    • Nazwa osobowa (NP)
    • RÓG, JAN
245 -Strefa tytułu i oznaczenia odpowiedzialności [1, ]
    • a
    • Tytuł
    • Relacje społeczno-ekonomiczne na pograniczu polsko-czeskim / Find
    • c
    • Pozostałe elementy strefy tytułu i oznaczenia odpowiedzialności (NP)
    • Jan Róg.
260 -Strefa adresu wydawniczego [ , ]
    • a
    • Miejsce wydania (P)
    • Opole :
    • b
    • Nazwa wydawcy (P)
    • Wydaw.UO,
    • c
    • Data wydania (P)
    • 2001.
300 -Strefa opisu fizycznego [ , ]
    • a
    • Określenie formy książki i/lub objętość (NP)
    • 194 :
    • c
    • Format (NP)
    • 24 cm.
490 -Strefa serii i książki wielotomowej - forma nie do wyszukiwania [0, ]
    • z
    • Numer rekordu powiązanego
    • 119252
    • a
    • Tytuł (P)
    • (STUDIA i Monografie / Wyższa Szkoła Pedagogiczna w Opolu ; Find
    • y
    • Zob. egzemplarze
    • 217
    • x
    • ISSN (NP)
    • 0239-6718)
    • v
    • Numeracja (P)
    • Nr 290,
490 -Strefa serii i książki wielotomowej - forma nie do wyszukiwania [0, ]
    • z
    • Numer rekordu powiązanego
    • 119252
    • a
    • Tytuł (P)
    • (STUDIA i Monografie / Uniwersytet Opolski ; Find
    • y
    • Zob. egzemplarze
    • 217
    • x
    • ISSN (NP)
    • 1233-6408)
    • v
    • Numeracja (P)
    • Nr 290,
500 -Uwaga ogólna [ , ]
    • a
    • Uwaga ogólna (NP)
    • Bibliogr.,rez.,summ
080 -Uniwersalna Klasyfikacja Dziesiętna [ , ]
    • a
    • Symbol klasyfikacji
    • 339.92(438:437.1/.2-04)
080 -Uniwersalna Klasyfikacja Dziesiętna [ , ]
    • a
    • Symbol klasyfikacji
    • :327.39(438:437.1/.2-04)
080 -Uniwersalna Klasyfikacja Dziesiętna [ , ]
    • a
    • Symbol klasyfikacji
    • :316.4(438:437.1/.2-04)
980 -Symbol UKD [ , ]
    • a
    • UKD
    • 339.92(438:437.1/.2]:327.39(438:437.1/.2]:316.4](438:437.1/.2]-04)
920 -ISBN [ , ]
    • a
    • ISBN
    • 83-88796-24-0 Find
Numer tomu Status udost. Powiązanie z serią Numer inwentarzowy Sygnatura Data inwentaryzacji Lokalizacja
Nr 290-3217S.90662S.786912003-06-04BE